| 000 | 00573nam a22001817a 4500 | ||
|---|---|---|---|
| 005 | 20251108164235.0 | ||
| 008 | 250721s1982 xx 000 0 ara d | ||
| 082 | 1 | 4 | _a128.5/هوك |
| 100 | 1 | _aهوكنغ، وليم ارنست | |
| 245 | 1 | 0 | _aمعنى الخلود في الخبرات الإنسانية / |
| 264 | 1 |
_aالقاهره : _bدار النهضة المصرية، _c1982. |
|
| 300 | _a263ص | ||
| 650 | 1 | 7 | _aالوفاة |
| 700 | 1 |
_aأمين، متري _eترجمة |
|
| 700 | 1 |
_aمحمود، زكي نجيب _eترجمة |
|
| 942 |
_2ddc _cBK |
||
| 999 |
_c7214 _d7214 |
||